| 000 | 01021cam a2200205 4500 | ||
|---|---|---|---|
| 001 | ##L136595 | ||
| 008 | 070212n 000 0 eng u | ||
| 035 | _a(Sirsi) u136595 | ||
| 041 | 0 | _aeng | |
| 110 | 2 |
_aOlympic Delivery Authority _95117 |
|
| 245 | 0 | 0 |
_aLondon 2012 etendering service _h[electronic resource] |
| 520 | _aThis official website provides direct access to current, future, pan-government and past tendering opportunities generated by the Olympic Delivery Authority for the London 2012 Olympic Games and Paralympic Games. As well as viewing tendering opportunities, users can participate in tenders by registering with the website. Website also includes business support information and etendering FAQs. | ||
| 520 | _aService is not longer available. | ||
| 590 | _aKA NTK | ||
| 650 | 2 | 4 | _aOLYMPIC GAMES 2012 |
| 651 | 4 |
_aUnited Kingdom _y |
|
| 690 |
_aProcurement _96260 |
||
| 856 |
_uhttps://etenders.london2012.com _zView the website free of charge at https://etenders.london2012.com... |
||
| 942 | _n0 | ||
| 999 |
_c120579 _d120579 |
||